000 01274cam a22003617a 4500
003 CHAP
005 20220329135311.0
008 971013s1959 r 00010 d
010 _a34045
011 _a35017
035 _a39133
040 _cCHAP
082 _a333.0972
_bM45p 1959
100 0 0 _aMendieta y Núñez, Lucio.
_974577
245 1 3 _aEl problema agrario de México
250 _a7 ed.
260 _aMéxico, D.F. :
_bPorrúa,
_c1959
300 _a484 p
500 _ac.2 de 1986 título varía "El problema agraria de México y la Ley Federal de Reforma Agraria
590 _aBATCH-UPD
_b10
_c20130110
_lUCH01
_h0920
590 _aBATCH-UPD
_b10
_c20130410
_lUCH01
_h0542
590 _aBATCH-UPD
_b10
_c20130914
_lUCH01
_h0318
590 _aCONVERSION
_b10
_c20130109
_lUCH01
_h1319
650 1 4 _aAgricultura
_xAspectos economicos
_zMexico.
_91312
650 1 4 _aAgricultura
_xLeyes
_xMéxico.
_91726
650 1 4 _aEjidos
_zMéxico.
_936039
650 1 4 _aReforma agraria
_zMéxico.
_995596
650 1 4 _aTierras
_xTenencia
_zMéxico.
_9113215
901 _aBK
942 _cLIBRO
949 _a333.0972 M45p 1959
_bBC
_cLIBRO
_d33724000340501
_eLIBRO
_h26635
_i39133
_mD
_si
949 _a333.0972 M45p 1959
_bBC
_cLIBRO
_d33724000340519
_eLIBRO
_fc.2
_gI.C/E
_h77488
_i39133
_si
999 _c34045
_d34045